<?xml version="1.0" encoding="UTF-8"?>
<record
    xmlns:xsi="http://www.w3.org/2001/XMLSchema-instance"
    xsi:schemaLocation="http://www.loc.gov/MARC21/slim http://www.loc.gov/standards/marcxml/schema/MARC21slim.xsd"
    xmlns="http://www.loc.gov/MARC21/slim">

  <leader>01918nam a22002897a 4500</leader>
  <datafield tag="999" ind1=" " ind2=" ">
    <subfield code="c">4172</subfield>
    <subfield code="d">4172</subfield>
  </datafield>
  <controlfield tag="003">DO-SdBJH</controlfield>
  <controlfield tag="005">20191111204140.0</controlfield>
  <controlfield tag="008">180704b           ||||| |||| 00| 0 spa d</controlfield>
  <datafield tag="040" ind1=" " ind2=" ">
    <subfield code="a">DO-SdBJH</subfield>
    <subfield code="b">spa</subfield>
    <subfield code="c">DO-SdBJH</subfield>
  </datafield>
  <datafield tag="090" ind1=" " ind2=" ">
    <subfield code="a">TG ANMG</subfield>
    <subfield code="b">01116 2016</subfield>
  </datafield>
  <datafield tag="100" ind1="1" ind2=" ">
    <subfield code="a">Francisco Paredes, Di&#xF3;medes Noel</subfield>
    <subfield code="e">sustentante</subfield>
  </datafield>
  <datafield tag="245" ind1="1" ind2="0">
    <subfield code="a">An&#xE1;lisis de los intercambios acad&#xE9;micos de los caballeros y damas guardiamarinas que han relacionado estudios en la naciones amigas (per&#xED;odos 2006-2016) / </subfield>
    <subfield code="c">Di&#xF3;medes Noel Francisco Paredes, V&#xED;ctor Enriques Concepci&#xF3;n Reyes, asesores  Marisol Magallanes Ynoa,  Wendell  Rodr&#xED;guez Reyes                    </subfield>
  </datafield>
  <datafield tag="260" ind1=" " ind2=" ">
    <subfield code="a">Santo Domingo Este :</subfield>
    <subfield code="b">INSUDE, </subfield>
    <subfield code="c">2016</subfield>
  </datafield>
  <datafield tag="300" ind1=" " ind2=" ">
    <subfield code="a">xxvii, 71 p&#xE1;ginas, ilustraciones-tablas</subfield>
  </datafield>
  <datafield tag="502" ind1=" " ind2=" ">
    <subfield code="a">Trabajo de grado (Licenciatura en Ciencias Navales) -- Instituto Superior para la Defensa (INSUDE). &#x2013; Academia Naval de Estudios Superiores &#x201C;Vice-Almirante C&#xE9;sar de Windt Lavandier&#x201D; 2016.</subfield>
  </datafield>
  <datafield tag="504" ind1=" " ind2=" ">
    <subfield code="a">Incluye referencias bibliogr&#xE1;ficas e &#xED;ndices</subfield>
  </datafield>
  <datafield tag="505" ind1=" " ind2=" ">
    <subfield code="a">Intercambios acad&#xE9;micos de los guardiamarinas. -- Caracter&#xED;sticas de la educaci&#xF3;n de la academia naval Vicealmirante C&#xE9;sar de Windt Lavandier. -- Caracter&#xED;sticas de la educaci&#xF3;n de otras academias navales</subfield>
  </datafield>
  <datafield tag="650" ind1=" " ind2="4">
    <subfield code="a">Beneficios y ventajas en estudios navales en el extranjero -- Estad&#xED;sticas</subfield>
  </datafield>
  <datafield tag="650" ind1=" " ind2="4">
    <subfield code="a">Prop&#xF3;sitos de los intercambios academias navales (an&#xE1;lisis)</subfield>
  </datafield>
  <datafield tag="650" ind1=" " ind2="4">
    <subfield code="a">Prop&#xF3;sitos de los intercambios academias navales (an&#xE1;lisis)</subfield>
  </datafield>
  <datafield tag="651" ind1=" " ind2="4">
    <subfield code="a">Republica Dominicana.  Academia Naval -- Intercambio acad&#xE9;mico con naciones amigas</subfield>
  </datafield>
  <datafield tag="700" ind1="1" ind2=" ">
    <subfield code="a">Concepci&#xF3;n Reyes, V&#xED;ctor Enriques </subfield>
    <subfield code="e">sustentante</subfield>
  </datafield>
  <datafield tag="700" ind1="1" ind2=" ">
    <subfield code="a">Magallanes Ynoa, Marisol</subfield>
    <subfield code="e">asesor</subfield>
  </datafield>
  <datafield tag="700" ind1="1" ind2=" ">
    <subfield code="a">Rodr&#xED;guez Reyes, Wendell</subfield>
    <subfield code="e">asesor</subfield>
  </datafield>
  <datafield tag="830" ind1=" " ind2=" ">
    <subfield code="a">INSUDE.  Academia Naval de Estudios Superiores &#x201C;Vice-Almirante C&#xE9;sar de Windt Lavandier&#x201D;. Tesis y disertaciones acad&#xE9;micas</subfield>
  </datafield>
  <datafield tag="942" ind1=" " ind2=" ">
    <subfield code="2">ddc</subfield>
    <subfield code="c">T</subfield>
  </datafield>
  <datafield tag="952" ind1=" " ind2=" ">
    <subfield code="0">0</subfield>
    <subfield code="1">0</subfield>
    <subfield code="2">ddc</subfield>
    <subfield code="4">0</subfield>
    <subfield code="7">1</subfield>
    <subfield code="8">TG</subfield>
    <subfield code="a">BJHA</subfield>
    <subfield code="b">BJHA</subfield>
    <subfield code="d">2018-07-04</subfield>
    <subfield code="i">16-01116</subfield>
    <subfield code="l">0</subfield>
    <subfield code="o">TG ANMG 01116 2016</subfield>
    <subfield code="p">16-01116</subfield>
    <subfield code="r">2018-10-06 00:00:00</subfield>
    <subfield code="t">e.1</subfield>
    <subfield code="w">2018-07-04</subfield>
    <subfield code="y">T</subfield>
  </datafield>
</record>
